00710 a2200205 450000500170000000800410001702000150005804000500007304100080012310000180013124500480014926000370019730000420023449000660027665000360034265000360037865000350041465000300044970000250047920180312141959.0140315s1993 ck a gr|||| 000 j spa d a9580424691 aCO-BoUCMbspacJose A. GerenadJose A. Gerena0 aspa1 aRius, María13aEl fuegocMaría Rius, Josep M. Parramón c1993bNormaaBogotá (Colombia) a[30] páginasbilustraciones a color aPrimera biblioteca de los niñosaSerie los cuatro elementos 7aLiteratura infantil española  7aLibros ilustrados para niños  7aLibros y lectura para niños  7aNiños en la literatura 1 aParramón, Josep M.